000
00315nam a2200133Ia 4500
008
220613s9999||||xx |||||||||||||| ||und||
100
_a
Agur,Anne M R
245
0
_a
Grants Atlas Of Anatomy
250
_a
10th(1999)
260
_b
Lippincott Williams & Wilkians
300
_a
760
650
_a
Anatomy
942
_c
PREC
999
_c
5188
_d
5188